Охорона лікарської таємниці у кримінальному процесі України (Запис № 459182)

МАРК-запис
000 -Лідер
fixed length control field 02726nam a22002657a 4500
001 - Контрольний номер
control field 216217412
003 - Ідентифікатор контрольного номера
control field UA-OsUOA
005 - Дата та час останнього входження (трансакції)
control field 20201117151200.0
008 - Елементи даних фіксованої довжини – загальна інформація
fixed length control field 200512b un ||||| m||| 00| 0 ukr d
040 ## - Джерело каталогізації
Агенція оригінальної каталогізації UA-OsUOA
Мова каталогізації ukr
Агенція, яка здійснювала перезапис UA-OsUOA
Агенція, яка здійснювала модифікацію UA-OsUOA
041 ## - Код мови
Код мови тексту/ звукової доріжки чи окремого заголовка (П) ukr
080 ## - Індекс Універсальної десяткової класифікації
Індекс Універсальної десяткової класифікації (УДК) (НП) 343.985:347.7
090 ## - Локальний шифр розміщення
Класифікаційний індекс УДК 343.985:347.7
095 ## - Код спеціальності для авторефератів
Код спеціальності 12.00.09
Назва спеціальності кримінальний процес та криміналістика; судова експертиза; оперативно-розшукова діяльність
100 ## - Основне введення – ім’я особи
Ім’я особи (НП) Кузьмічова Є. В.
245 ## - Відомості про назву
Назва (НП) Охорона лікарської таємниці у кримінальному процесі України
Дані про відповідальність (НП) Кузьмічова Єлизавета Володимирівна ; наук. керівник Удалова Лариса Давидівна
260 ## - Публікація, розповсюдження і т.п. (Вихідні дані)
Місце публікації, розповсюдження і т.п. (П) Ірпінь
Дата публікації, розповсюдження і т.п. (П) 2012
300 ## - Фізичний опис
Обсяг 19 с.
502 ## - Примітка про дисертацію
Зв'язок Автореферат дисертації на здобуття наукового ступеня кандидата юридичних наук<br/>
Наймення інституції, що представляється Національний університет державної податкової служби України
Рік отримання вченого ступеня 2012
520 ## - Резюме і т.п.
Резюме, реферат, анотація, тощо (НП) У дисертації розроблено науково обгрунтовані засади охорони лікарської таємниці у кримінальному процесі України. Визначено зміст поняття “лікарська таємниця”, розкрито особливості її охорони з урахуванням стану законодавства України та практики його застосування. З’ясовано особливості охорони лікарської таємниці за міжнародно-правовими актами. Виокремлено принципи та виявлено умови охорони лікарської таємниці у кримінальному процесі. Дослідження дістало практичне упровадження у розроблених на його основі пропозиціях до кримінально-процесуального законодавства, а також рекомендаціях щодо удосконалення криміналістичного забезпечення охорони лікарської таємниці.
650 ## - Додаткове предметне введення – тематичний термін
Джерело заголовка чи терміна UDC
Тематичний термін чи географічна назва, як елемент введення (НП) 343 Кримінальне право. Карні порушення
942 ## - Додаткові елементи входу (Коха)
Source of classification or shelving scheme Universal Decimal Classification
Тип елемента Koha Автореферат
955 ## - Код типу видання за змістом
Код типу видання за змістом (НП) Наукові видання

Немає доступних примірників.